00767nam a2200205Ia 4500003000900000008004100009020001800050040001600068080002200084100002500106245011600131260007400247300002300321650004100344650001400385650003100399942000700430999001500437952010900452IN-BaIIA211028s9999 xx 000 0 eng d a2-222-02022-0 cIIA Library a082.2:52bIAU-C37 aBalkowski, C.910100 0aDecalages vers le rouge et expansion de l'universcC. Balkowski  aParisbEditions Du Centre National De La Recherche Scientifiquec1977 a[various pagings.] aAstronomy and astrophysics thesaurus aCosmology aExtragalactic system95594 cBK c5831d5831 00104070aBANbBANcGENd1978-06-13l0o082.2:52/ IAU-C37p6523r2021-11-05w1978-06-13yBKGFR 180.00